Eugène Joannon Crozier: Lyon 1860-Santiago 1938
Saved in:
| Hovedforfatter: | |
|---|---|
| Format: | Bog |
| Sprog: | spansk |
| Udgivet: |
Santiago
Ograma
2009
|
| Udgivelse: | 1a. ed |
| Fag: | |
| Tags: |
Tilføj Tag
Ingen Tags, Vær først til at tagge denne postø!
|
MARC
| LEADER | 00000cam a2200000 a 4500 | ||
|---|---|---|---|
| 001 | UCD9966 | ||
| 003 | CL-VaPUC | ||
| 008 | 170713e20090000cl |||||||||||||||||spa|d | ||
| 082 | 0 | 4 | |a 726.5 |b JOA |2 21 |
| 100 | 0 | |a Joannon Rivera, Eugenio |e author |9 593909 | |
| 245 | 1 | 0 | |a Eugène Joannon Crozier: Lyon 1860-Santiago 1938 |
| 250 | |a 1a. ed | ||
| 300 | |a 231 p | ||
| 942 | |c BK | ||
| 945 | |d 20170713 16:08:00 |a dcastane | ||
| 260 | |a Santiago |b Ograma |c 2009 | ||
| 650 | 0 | |a Arquitectura religiosa |9 266677 | |
| 650 | 0 | |a Historia de la arquitectura |9 266241 | |
| 650 | 0 | |a Iconografía |9 267998 | |
| 650 | 0 | |a Patrimonio arquitectónico |9 488599 | |
| 650 | 0 | |a Biografías |9 255210 | |
| 583 | |a last modification |c 20170713 16:08:00 |k Rodrigo Vera | ||
| 999 | |c 368968 |d 368966 | ||
| 952 | |0 0 |1 0 |3 erd |4 0 |6 726_500000000000000_JOA_2009 |7 0 |8 A |9 484475 |a BIBARQ |b BIBARQ |i 5406838 |o 726.5 JOA 2009 |p 5406838 |r 2025-01-20 |w 2019-11-24 |y BK |z Catalogado en:20170713 |k ARQ | ||